| 000 | 00321 a2200121 4500 | ||
|---|---|---|---|
| 001 | 146385 | ||
| 040 | _cEscola São Tomás de Aquino | ||
| 100 | _aMCDONALD, Megan | ||
| 240 | 1 | 0 |
_aJudy Moody declara independência _lpor |
| 245 | 1 | 0 | _aJudy Moody declara independência |
| 697 | _a*LITERATURA INFANTO JUVENIL | ||
| 942 | _cBK | ||
| 999 |
_c146385 _d146385 |
||